| 000 | 00414nam a2200157Ia 4500 | ||
|---|---|---|---|
| 008 | 240825s9999 xx 000 0 und d | ||
| 020 |
_a9789354650024 _qpbk |
||
| 082 |
_a618.92 _bGUP |
||
| 100 | _aGupta, Piyush | ||
| 245 | 0 |
_aEssential Pediatric Nursing _c/ Piyush Gupta |
|
| 250 | _a5th edition | ||
| 260 |
_bJaypee _c2023 |
||
| 300 | _a628 pages | ||
| 650 | _aMedical Sciences , Medicine | ||
| 942 | _cENGLISH | ||
| 999 |
_c541129 _d541129 |
||